Guía de Trabajo. Seguimiento. La supervisión educativa centrada en los procesos (Record no. 8535)

MARC details
000 -LEADER
campo de control de longitud fija 00474nam a2200133Ia 4500
001 - NÚMERO DE CONTROL
campo de control 1732
008 - DATOS DE LONGITUD FIJA--INFORMACIÓN GENERAL
campo de control de longitud fija 241024s9999 xx 000 0 und d
082 ## - NÚMERO DE LA CLASIFICACIÓN DECIMAL DEWEY
Número de clasificación RD/373.97293/R426g/2000
100 ## - ENTRADA PRINCIPAL--NOMBRE DE PERSONA
Nombre de persona República Dominicana. Secretaría de Estado de Educación y Cultura. Dirección de Educación Media
245 #0 - MENCIÓN DEL TÍTULO
Título Guía de Trabajo. Seguimiento. La supervisión educativa centrada en los procesos
260 ## - PUBLICACIÓN, DISTRIBUCIÓN, ETC.
Nombre del editor, distribuidor, etc. Santo Domingo
Fecha de publicación, distribución, etc. 2000
901 ## - ELEMENTOS DE DATOS A LOCAL LDA (RLIN)
a 22/9/2011 10:56:14 a.m.

No items available.

© 2024. Todos los Derechos Reservados. Desarrollado por IDEICE